| 000 | 00452nam a22001577a 4500 | ||
|---|---|---|---|
| 005 | 20251103190733.0 | ||
| 008 | 251103b |||||||| |||| 00| 0 eng d | ||
| 020 | _a9780205419289 | ||
| 050 |
_aRJ131 _b.B387 |
||
| 100 | _aBerk, Laura E. | ||
| 245 |
_aInfants, Children, and Adolescents _cLaura E. Beck |
||
| 250 | _a5th ed. | ||
| 260 |
_aBoston _bPearson A & B _c2005 |
||
| 300 |
_axxvi. various paging _bill. color _c28.5cm |
||
| 942 |
_2lcc _cBK _e5th ed. _n0 |
||
| 999 |
_c8007 _d8007 |
||